000 03170nam0a2200421 4500
001 RU\NLR\BIBL_A\022103714
005 20240130153310.0
010 _a978-5-93530-602-1
_9250
021 _aRU
_bКН-П-23-076111
_9КН-П-23-7686
035 _a(NLR Aleph) 022103714
035 _a(RuMoRGB)012391594
090 _a12754749
_c12754749
100 _a20231227d2023 k y0rusy50 ca
101 0 _arus
_deng
102 _aRU
105 _aac z 100yb
181 0 _ai3
_baxxe
182 0 _an
200 1 _aКультурные коды в процессе сохранения традиционных духовно-нравственных ценностей
_eматериалы научной конференции, посвященной памяти доктора философских наук, профессора, заслуженного деятеля науки РФ Суханова Ивана Васильевича (Нижний Новгород, 24 октября 2023 года)
_fМинистерство науки и высшего образования Российской Федерации, Федеральное агентство морского и речного транспорта, Федеральное государственное бюджетное образовательное учреждение высшего образования "Волжский государственный университет водного транспорта"
_gредакционная коллегия: Ермаков С. А., д-р филос. наук, проф. (ответственный редактор) [и др.]
203 _aТекст
_bвизуальный
_cнепосредственный
210 _aНижний Новгород
_cГладкова О. В.
_d2023
215 _a162 с.
_cил., портр., табл.
_d21
300 _aРез. англ.
320 _aБиблиогр. в конце ст. и в подстроч. примеч.
600 1 _aСуханов
_bИ.В.
_f1923 - 2000
_gИван Васильевич
_jСъезды, совещания и т.п
_92578219
_3RU\NLR\AUTH\6601735110
606 1 _aТрадиции в культуре
_jСъезды, совещания и т.п
_91490284
_3RU\NLR\AUTH\66640475
686 1 _aЮ3(2)7я431
686 1 _aТ52(0)я431
686 1 _aТ3(0)0-7я431
702 1 _aСуханов
_bИ. В.
_f1923-2000
_gИван Васильевич
_4280
702 1 _aЕрмаков
_bС. А.
_gСергей Анатольевич
_4340
711 1 2 _a"Культурные коды в процессе сохранения традиционных духовно-нравственных ценностей", научная конференция
_eНижний Новгород
_f2023
_9874287
_3RU\NLR\AUTH\880602436
712 0 2 _4570
_aВолжский государственный университет водного транспорта
_cНижний Новгород
_9485424
_3RU\NLR\AUTH\880409775
942 _cBOOK
980 _aNB